000
00291nam a2200109Ia 4500
008
220204s9999 xx 000 0 und d
082
_a
001.5
_b
MOH
100
_a
Mohr, H
245
0
_a
Lecture on structure and significance of science
260
_a
New York
_b
Springer Verlag
_c
1977
942
_c
BK
999
_c
27155
_d
27155